000
00354nam a2200133Ia 4500
008
151001s9999||||xx |||||||||||||| ||und||
100
_a
कृ श प्रभावळकर
245
_a
एकेरी गाठ
250
_a
1
260
_b
भारत गौरव ग्रंथमाला
260
_c
1937
300
_a
265
365
_b
7
999
_c
951759
_d
951756